Sefarad : (Record no. 105370)

MARC details
000 -CABECERA
campo de control de longitud fija 00749nam a2200229 a 4500
005 - FECHA Y HORA DE LA ÚLTIMA TRANSACCIÓN
campo de control 20230915063539.0
008 - ELEMENTOS DE LONGITUD FIJA--INFORMACIÓN GENERAL
campo de control de longitud fija 040429s2002 mx r 000 0 spa d
020 ## - NÚMERO INTERNACIONAL NORMALIZADO PARA LIBROS
Número Internacional Estándar del Libro 8466308482
035 ## - NÚMERO DE CONTROL DEL SISTEMA
Número de control de sistema UPN01000133218
049 ## - COLECCIÓN
Colección CG
050 #4 - SIGNATURA TOPOGRÁFICA DE LA BIBLIOTECA DEL CONGRESO
Número de clasificación PQ6663 U4.7
Número de documento/Ítem S4.4
100 1# - ASIENTO PRINCIPAL--NOMBRE PERSONAL
Nombre de persona Muñoz Molina, Antonio,
Fechas asociadas al nombre 1956-
245 10 - MENCIÓN DE TÍTULO
Título Sefarad :
Resto del título una novela de novelas /
Mención de responsabilidad, etc. Antonio Muñoz Molina.
260 ## - PUBLICACIÓN, DISTRIBUCIÓN, ETC.
Lugar de publicación, distribución, etc. Madrid :
Nombre del editor, distribuidor, etc. Suma de letras,
Fecha de publicación, distribución, etc. 2002.
300 ## - DESCRIPCIÓN FÍSICA
Extensión 516 p.
440 #0 - MENCIÓN DE SERIE/ASIENTO SECUNDARIO--TÍTULO
Título Punto de lectura ;
Designación de volumen o secuencia 6.4
500 ## - NOTA GENERAL
Nota general "Un recorrido por la historia del siglo XX a través de los perseguidos y olvidados"
650 #4 - ASIENTO SECUNDARIO DE MATERIA - TERMINO TEMATICO
Término de materia o nombre geográfico como elemento de entrada JUDIOS -
Subdivisión general PERSECUCIONES
9 (RLIN) 7407
650 #4 - ASIENTO SECUNDARIO DE MATERIA - TERMINO TEMATICO
Término de materia o nombre geográfico como elemento de entrada JUDIOS EN LA LITERATURA
9 (RLIN) 14341
650 #4 - ASIENTO SECUNDARIO DE MATERIA - TERMINO TEMATICO
Término de materia o nombre geográfico como elemento de entrada Novela española
Subdivisión cronológica Siglo XX
9 (RLIN) 9779
905 ## - TIPO DE MATERIAL
Tipo de material Libro
Holdings
Estado de retiro Estado de pérdida Fuente del sistema de clasificación o colocación Estado dañado No para préstamo Código de colección Localización permanente Ubicación/localización actual Ubicación en estantería Total de préstamos Clasificación Código de barras Fecha visto por última vez Número de copia Tipo de ítem Koha
    Library of Congress Classification     Colección General Bib. Gregorio Torres Quintero Bib. Gregorio Torres Quintero Planta baja 2 PQ6663 U4.7 S4.4 224407 31/12/2020 1 Libro